000
00269nam a2200133Ia 4500
008
230312s9999||||xx |||||||||||||| ||und||
082
_a
005.74
_b
ORA
245
0
_a
Oracle 8
260
_b
Oracle
300
_a
22-32
546
_a
Eng.
650
_a
Computer
942
_c
BK
999
_c
3019
_d
3019